Основы социальной работы: учебное пособие

Detalles Bibliográficos
Autor Principal: Квеско Р. Б. Раиса Брониславовна
Autor Corporativo: Национальный исследовательский Томский политехнический университет (ТПУ)
Outros autores: Тюкульмина О. И. Ольга Ивановна
Summary:Заглавие с титульного экрана
В учебном пособии раскрыты основные аспекты социальной работы, рассмотрены актуальные вопросы развития государственной социальной политики и социальных служб по работе с различными группами населения, обозначены проблемы в сфере социального обеспечения, освещены концепции социальной работы. Авторами использован ряд материалов, подготовленных на базе УМО вузов России в сфере социальной работы. Предназначено для студентов Института дистанционного образования, обучающихся по специальности 040101 «Социальная работа».
Режим доступа: из корпоративной сети ТПУ
Idioma:ruso
Publicado: Томск, Изд-во ТПУ, 2011
Subjects:
Acceso en liña:http://www.lib.tpu.ru/fulltext2/m/2011/m391.pdf
Formato: MixedMaterials Electrónico Libro
KOHA link:https://koha.lib.tpu.ru/cgi-bin/koha/opac-detail.pl?biblionumber=203818

MARC

LEADER 00000nlm0a2200000 4500
001 203818
005 20231101225155.0
035 |a (RuTPU)RU\TPU\book\222119 
090 |a 203818 
100 |a 20111111d2011 m y0rusy50 ca 
101 0 |a rus 
102 |a RU 
105 |a a j 001zy 
135 |a drgn ---uucaa 
181 0 |a i  
182 0 |a b 
200 1 |a Основы социальной работы  |b Электронный ресурс  |e учебное пособие  |f Р. Б. Квеско, О. И. Тюкульмина  |g Национальный исследовательский Томский политехнический университет (ТПУ) 
203 |a Текст  |c электронный 
210 |a Томск  |c Изд-во ТПУ  |d 2011 
230 |a 1 компьютерный файл (pdf; 980 KB) 
300 |a Заглавие с титульного экрана 
330 |a В учебном пособии раскрыты основные аспекты социальной работы, рассмотрены актуальные вопросы развития государственной социальной политики и социальных служб по работе с различными группами населения, обозначены проблемы в сфере социального обеспечения, освещены концепции социальной работы. Авторами использован ряд материалов, подготовленных на базе УМО вузов России в сфере социальной работы. Предназначено для студентов Института дистанционного образования, обучающихся по специальности 040101 «Социальная работа». 
333 |a Режим доступа: из корпоративной сети ТПУ 
337 |a Adobe Reader 
488 1 |0 (RuTPU)RU\TPU\book\163911  |t Основы социальной работы  |o учебное пособие для вузов  |f Р. Б. Квеско, О. И. Тюкульмина  |g Томский политехнический университет (ТПУ), Институт дистанционного образования  |c Томск  |n Изд-во ТПУ  |d 2008  |p 148 с.  |a Квеско, Раиса Брониславовна 
606 1 |a Социальная работа  |x Теория  |2 stltpush  |3 (RuTPU)RU\TPU\subj\36954  |9 58145 
606 1 |a Социальная работа  |x Практика  |2 stltpush  |3 (RuTPU)RU\TPU\subj\36957  |9 58148 
610 1 |a электронный ресурс 
610 1 |a труды учёных ТПУ 
610 1 |a учебные пособия 
610 1 |a благотворительность 
610 1 |a социальное сотрудничество 
610 1 |a социальные организации 
610 1 |a международные организации 
610 1 |a ООН 
610 1 |a ЮНЕСКО 
610 1 |a Всемирная организация здравоохранения 
610 1 |a Армия спасения 
610 1 |a Международный Комитет Красного Креста 
610 1 |a международное сотрудничество 
610 1 |a защита 
610 1 |a защита прав 
610 1 |a пожилые люди 
610 1 |a инвалиды 
610 1 |a молодежь 
610 1 |a социальная работа 
610 1 |a семья 
610 1 |a дома-интернаты 
610 1 |a социальное обслуживание 
686 |a У9(2)272я73  |v LBC/SL-A  |2 rubbk 
700 1 |a Квеско  |b Р. Б.  |c философ  |c доцент Томского политехнического университета, доктор философских наук  |f 1943-  |g Раиса Брониславовна  |2 stltpush  |3 (RuTPU)RU\TPU\pers\25429 
701 1 |a Тюкульмина  |b О. И.  |c философ  |c старший преподаватель Томского политехнического университета  |g Ольга Ивановна  |2 stltpush  |3 (RuTPU)RU\TPU\pers\24705 
712 0 2 |a Национальный исследовательский Томский политехнический университет (ТПУ)  |c (2009- )  |2 stltpush  |3 (RuTPU)RU\TPU\col\15902 
801 1 |a RU  |b 63413507  |c 20111111 
801 2 |a RU  |b 63413507  |c 20111111  |g RCR 
856 4 |u http://www.lib.tpu.ru/fulltext2/m/2011/m391.pdf 
942 |c CF